| 000 | 00419nam a2200157Ia 4500 | ||
|---|---|---|---|
| 008 | 210716s2003 xx 000 0 und d | ||
| 020 | _a1550225979 | ||
| 041 | _aeng | ||
| 082 | _a658.409 SIND | ||
| 100 | _aSingh, David. | ||
| 245 |
_aHealth wealth and happiness: you can control your destiny. _bYou can control your destiny. |
||
| 250 | _a1 | ||
| 260 |
_aCanada _bECW _c2003 |
||
| 300 | _axiv,248 | ||
| 650 | _aNone | ||
| 999 |
_c201804 _d201804 |
||